Lembaga Research Kebudajaan Nasional (LRKN). (Record no. 86949)

MARC details
000 -LEADER
fixed length control field 00556cam a22002051 4500
001 - CONTROL NUMBER
control field sa 68016226
003 - CONTROL NUMBER IDENTIFIER
control field DLC
005 - DATE AND TIME OF LATEST TRANSACTION
control field 20260227112652.0
008 - FIXED-LENGTH DATA ELEMENTS--GENERAL INFORMATION
fixed length control field 790524s1964 io 00010 ind
010 ## - LIBRARY OF CONGRESS CONTROL NUMBER
LC control number sa 68016226 //r862
025 ## - OVERSEAS ACQUISITION NUMBER
Overseas acquisition number PL480:Indo-3468
043 ## - GEOGRAPHIC AREA CODE
Geographic area code a-io---
050 0# - LIBRARY OF CONGRESS CALL NUMBER
Classification number Q180.I53
Item number L3
082 ## - DEWEY DECIMAL CLASSIFICATION NUMBER
Classification number 001.4/3/09598
110 20 - MAIN ENTRY--CORPORATE NAME
Corporate name or jurisdiction name as entry element Lembaga Research Kebudayaan Nasional (Indonesia)
245 00 - TITLE STATEMENT
Title Lembaga Research Kebudajaan Nasional (LRKN).
260 1# - PUBLICATION, DISTRIBUTION, ETC.
Place of publication, distribution, etc. [Djakarta?
Date of publication, distribution, etc. 1964?]
300 ## - PHYSICAL DESCRIPTION
Extent 12 p.
Dimensions 22 cm.
650 #0 - SUBJECT ADDED ENTRY--TOPICAL TERM
Topical term or geographic name entry element Research
Geographic subdivision Indonesia.

No items available.

Powered by Koha